Las Minas antipersonales en Nicaragua. Segundo informe independiente

Spremljeno u:
Bibliografski detalji
Autor kompanije: Centro de Estudios Internacionales
Format: Tekst
Izdano: Managua: CEI
Oznake: Dodaj oznaku
Bez oznaka, Budi prvi tko označuje ovaj zapis!

MARC

LEADER 00000 a a2200000 04500
001 18293
003
040
090 |a 142700  
110 |a Centro de Estudios Internacionales  
245 |a Las Minas antipersonales en Nicaragua. Segundo informe independiente  
260 |a Managua:   |b CEI  
300 |a 72 p  
300 |b il.  
999 |c 15406  |d 15406